| 000 -LEADER |
| fixed length control field |
nam a22 a 4500 |
| 003 - CONTROL NUMBER IDENTIFIER |
| control field |
AM-YeNLA |
| 005 - DATE AND TIME OF LATEST TRANSACTION |
| control field |
20260220113818.0 |
| 007 - PHYSICAL DESCRIPTION FIXED FIELD--GENERAL INFORMATION |
| fixed length control field |
ta |
| 008 - FIXED-LENGTH DATA ELEMENTS--GENERAL INFORMATION |
| fixed length control field |
260220s2025 ai abo|gr|||||000|0|arm|| |
| 020 ## - INTERNATIONAL STANDARD BOOK NUMBER |
| International Standard Book Number |
978-9939-0-5428-5 |
| 040 ## - CATALOGING SOURCE |
| Language of cataloging |
arm |
| Transcribing agency |
AM-YeNLA |
| 041 0# - LANGUAGE CODE |
| Language code of text/sound track or separate title |
arm |
| 245 00 - TITLE STATEMENT |
| Title |
Շուշանցի Նշանը : |
| Remainder of title |
Հիշողությունների ալբոմ / |
| Statement of responsibility, etc. |
Մ. Թաթոյան ; [Պատմական տվյալների հավաքագրող և գլխավոր խմբագիր՝ Ս. Մկրտչյան ; Սրբագրող և խմբագիր՝ Ն. Սանոյան]. |
| 260 ## - PUBLICATION, DISTRIBUTION, ETC. (IMPRINT) |
| Place of publication, distribution, etc. |
Երևան : |
| Name of publisher, distributor, etc. |
Հեղինակային հրատարակություն, |
| Date of publication, distribution, etc. |
2025. |
| 300 ## - PHYSICAL DESCRIPTION |
| Extent |
180 էջ +1 ծլվ. թ. ։ |
| Other physical details |
նկար, լուսանկար, քարտեզ ; |
| Dimensions |
20 սմ. |
| 504 ## - BIBLIOGRAPHY, ETC. NOTE |
| Bibliography, etc |
Տողատակում՝ ծանոթագրություններ։ |
| 504 ## - BIBLIOGRAPHY, ETC. NOTE |
| Bibliography, etc |
Գրականության ցանկ՝ էջ 177-178։ |
| 600 04 - SUBJECT ADDED ENTRY--PERSONAL NAME |
| Personal name |
Շուշանցի Նշան Աճեմյան |
| Form subdivision |
Կենսագրություն |
| 650 14 - SUBJECT ADDED ENTRY--TOPICAL TERM |
| Topical term or geographic name as entry element |
Անվանի հայեր |
| 650 14 - SUBJECT ADDED ENTRY--TOPICAL TERM |
| Topical term or geographic name as entry element |
Հայ հուշագրություն |
| 700 1# - ADDED ENTRY--PERSONAL NAME |
| Personal name |
Մկրտչյան, Սերինե |
| Relator term |
կազմող |
| Relator code |
com |
| Relator term |
խմբագիր |
| Relator code |
edt |
| 700 1# - ADDED ENTRY--PERSONAL NAME |
| Personal name |
Սանոյան, Նարինե |
| Relator term |
սրբագրիչ |
| Relator code |
crr |
| Relator term |
խմբագիր |
| Relator code |
edt |
| 942 ## - ADDED ENTRY ELEMENTS (KOHA) |
| Source of classification or shelving scheme |
|
| Koha item type |
Books |